Essential maths : for business and management (Record no. 176647)

MARC details
000 -LEADER
fixed length control field 00667nam a2200217Ia 4500
008 - FIXED-LENGTH DATA ELEMENTS--GENERAL INFORMATION
fixed length control field 191130s2007##################000#0#eng##
020 ## - INTERNATIONAL STANDARD BOOK NUMBER
ISBN 9781403916105
082 ## - DEWEY DECIMAL CLASSIFICATION NUMBER
Classification number 650.01513 MOR
100 ## - MAIN ENTRY--AUTHOR NAME
Personal name Morris, Clare
245 ## - TITLE STATEMENT
Title Essential maths : for business and management
Statement of responsibility, etc Clare Morris with Emmanuel Thanassoulis
260 ## - PUBLICATION, DISTRIBUTION, ETC. (IMPRINT)
Place of publication Basingstoke, Hampshire
Name of publisher Palgrave Macmillan
Year of publication 2007
300 ## - PHYSICAL DESCRIPTION
Number of Pages xii, 235 p. : ill. ; 25 cm
500 ## - GENERAL NOTE
General note Includes indexes
650 ## - SUBJECT ADDED ENTRY--TOPICAL TERM
Topical Term Business mathematics
700 ## - ADDED ENTRY--PERSONAL NAME
Personal name Thanassoulis, Emmanuel
991 ## -
-- 359691
Holdings
Withdrawn status Lost status Damaged status Not for loan Home library Current library Shelving location Date acquired Full call number Accession Number Price effective from Koha item type
        Anna Centenary Library Anna Centenary Library 6TH FLOOR, A WING 13.10.2020 650.01513 MOR 305938 13.10.2020 English Books

Find us on the map